Educación de adultos : manual de entrenamiento.

محفوظ في:
التفاصيل البيبلوغرافية
المؤلف الرئيسي: Grabowski, Stanley M. (autor)
مؤلفون آخرون: Godínez, Eduardo, tr (autor) tr, (autor)
التنسيق: كتاب
اللغة:الإسبانية
الطبعة:2a ed.
الموضوعات:
الوسوم: إضافة وسم
لا توجد وسوم, كن أول من يضع وسما على هذه التسجيلة!

MARC

LEADER 00000cam^a2200000uu^4500
001 000467005
005 20250521000000.0
008 050901s1989^^^^^^^^^^^^rd^r^^000^0^spa^d
009 20260310124435.714
022 |a 9682438241 
035 |a FCE 000009646 
035 |a FCE 027272 
037 |a Acervo ITESO - Biblioteca 
041 |a spa 
082 0 4 |a 374.02  |b GRAe 
100 |a Grabowski, Stanley M.  |e (autor) 
245 1 0 |a Educación de adultos :  |b manual de entrenamiento. 
250 |a 2a ed. 
264 |a México :  |b Trillas,  |c 1989. 
300 |a 165 p. 
336 |a texto  |b txt  |2 rdacontenido 
337 |a sin mediación  |b n  |2 rdamedio 
338 |a volumen  |b nc  |2 rdasoporte 
596 |a Traducción de: preparing educators of adults 
649 |a XX 
650 |a Programa de educación 
650 |a Manual 
650 |a Educación de adultos 
650 |a Formación profesional 
650 |a Formación de formadores 
650 |a Educación continua 
650 |a Organismos de educación de adultos 
650 |a Modelos educativos 
700 |a Godínez, Eduardo,  |e tr  |e (autor) 
910 |a Fondo Centro de Estudios Educativos 
920 |a Impresos - Libros 
930 |a Fondos Especiales 
905 |a 133 
901 |a ALE027272  |b IT2  |c CEE  |u 20250521 
902 |a https://opac.biblio.iteso.mx/vufind/Record/000467005